Appointment with death / (Record no. 530039)

000 -LEADER
fixed length control field 00626cam a2200193 a 4500
001 - CONTROL NUMBER
control field 4925280
005 - DATE AND TIME OF LATEST TRANSACTION
control field 20191008182430.0
008 - FIXED-LENGTH DATA ELEMENTS--GENERAL INFORMATION
fixed length control field 950526r19961938nyu 000 1 eng
040 ## - CATALOGING SOURCE
Original cataloging agency DLC
Transcribing agency DLC
Modifying agency DLC
082 00 - DEWEY DECIMAL CLASSIFICATION NUMBER
Classification number 823.912
Author Mark CHR
100 1# - MAIN ENTRY--PERSONAL NAME
Personal name Christie, Agatha,
Dates associated with a name 1890-1976.
9 (RLIN) 2976
245 10 - TITLE STATEMENT
Title Appointment with death /
Statement of responsibility, etc. Agatha Christie.
260 ## - PUBLICATION, DISTRIBUTION, ETC.
Place of publication, distribution, etc. New York :
Name of publisher, distributor, etc. Putnam,
Date of publication, distribution, etc. 1996.
300 ## - PHYSICAL DESCRIPTION
Extent 244 p. ;
Dimensions 22 cm.
600 10 - SUBJECT ADDED ENTRY--PERSONAL NAME
Personal name Poirot, Hercule
Titles and other words associated with a name (Fictitious character)
Form subdivision Fiction.
9 (RLIN) 11837
650 #0 - SUBJECT ADDED ENTRY--TOPICAL TERM
Topical term or geographic name entry element Private investigators
Geographic subdivision England
Form subdivision Fiction.
9 (RLIN) 11838
655 #7 - INDEX TERM--GENRE/FORM
Genre/form data or focus term Detective and mystery stories.
Source of term gsafd
9 (RLIN) 2977
942 ## - ADDED ENTRY ELEMENTS (KOHA)
Source of classification or shelving scheme
Koha item type Book
Holdings
Withdrawn status Lost status Source of classification or shelving scheme Damaged status Not for loan Permanent Location Current Location Date acquired Total Checkouts Full call number Barcode Date last seen Date last checked out Price effective from Koha item type
          School of Civil and Environmental Engineering (SCEE) School of Civil and Environmental Engineering (SCEE) 10/08/2019 1 823.912 CHR NIT-9371 10/14/2019 10/08/2019 10/08/2019 Book
© 2023 Central Library, National University of Sciences and Technology. All Rights Reserved.